| 000 | 00775nam a2200241Ia 4500 | ||
|---|---|---|---|
| 003 | OSt | ||
| 005 | 20220926011341.0 | ||
| 006 | a|||||r|||| 00| 0 | ||
| 007 | ta | ||
| 008 | 220923b |||||||| |||| 00| 0 eng d | ||
| 020 |
_a9780691139005 _c642.24000000000001 |
||
| 037 |
_b09-10/038, 26/03/2009, INDEPENDENT PUBLISHERS GROUP _cGeneral Book |
||
| 040 |
_aRTL _cRTL _beng |
||
| 041 |
_2eng _aeng |
||
| 082 | _aR34, P9 | ||
| 100 |
_aElster John _9123919 |
||
| 245 | 0 | _aReason and Rationality. Tr.by Steven Randall | |
| 260 |
_aNew Jersey _bPrinceton University Press _c2009 |
||
| 300 |
_a79p. _ccm. |
||
| 650 | _aEconomics | ||
| 942 |
_hR34, P9 _cGB _2CC |
||
| 999 |
_c619813 _d619813 |
||